00303nam a2200121Ia 4500008004100000100002700041245004300068260002800111300000800139650001000147942000700157999001700164190216s9999||||xx |||||||||||||| ||und|| aPrabulla Chandra Dayal 0aHindi-Parivarthan Yev Vikas Ka Sashthr bNavaraj Prakashanc2009 a207 aHindi cBK c16609d16609